| 000 | 00907nam a2200241 a 4500 | ||
|---|---|---|---|
| 001 | 000000034 | ||
| 003 | OCoLC | ||
| 005 | 20250410131857.0 | ||
| 008 | 081127s2008 dr r 001 0 spa d | ||
| 020 | _a9789945020311 | ||
| 020 | _a9945020315 | ||
| 040 |
_aDO-SdBNP _bspa _cBNPHU |
||
| 082 |
_a923.47293 _bA345a |
||
| 100 | 1 |
_aAlburquerque Zayas-Bazán, Rafael, _d1908-2004 _9142 |
|
| 245 | 1 | 0 |
_aAños imborrables : _bepisodios autobiográficos / _cRafael Alburquerque Zayas-Bazán. |
| 260 |
_aSanto Domingo : _bArchivo General de la Nación, _c2008. |
||
| 300 |
_a162 p. ; _c23 cm. |
||
| 490 | 1 |
_aArchivo General de la Nación _v46 |
|
| 505 | 0 |
_tNota preliminar -- _tPresentación -- _tPreámbulo -- _t1930 -- _t1937 -- _t1946 -- _t1946 -- _t1947 -- _t1950 -- _t1952 -- _t1958 -- _t1960 -- _t1961. |
|
| 830 | 0 |
_aArchivo General de la Nación _n46 _9143 |
|
| 910 | _aValidado. Control de calidad. MFF | ||
| 942 |
_2ddc _cLBS1 |
||
| 999 |
_c34 _d34 |
||